Matt Watson Lyrics - No Nut November - Statistics

General Stats
  • This quiz has been taken 6 times
    5 since last reset
  • The average score is 136 of 437
Answer Stats
Performer Lyrics % Correct
a
100%
n**
100%
No
100%
no
100%
November,
100%
November
100%
Nut
100%
December
75%
go
75%
I
75%
i
75%
and
50%
b***
50%
b***,
50%
But
50%
but
50%
can
50%
can't
50%
Can't
50%
d***,
50%
girl
50%
he
50%
j******
50%
j***ing
50%
love
50%
my
50%
My
50%
not
50%
of
50%
off
50%
Take
50%
the
50%
'til
50%
to
50%
we
50%
when
50%
When
50%
Yo
50%
always
25%
b***
25%
back
25%
best
25%
c**
25%
c**,
25%
cannot
25%
'cause
25%
chicken
25%
chop
25%
cop
25%
cops
25%
days
25%
dust
25%
e**********
25%
f**********,
25%
Freddie Dredd F***
25%
f***
25%
for
25%
friends,
25%
good
25%
have
25%
hearse
25%
hot
25%
I'm
25%
I'ma
25%
in
25%
In
25%
it
25%
it's
25%
It's
25%
lubrication
25%
m**********,
25%
m***
25%
Matt Watson Me
25%
me
25%
old
25%
or
25%
p*******
25%
p****,
25%
pals
25%
pals,
25%
playin',
25%
s****
25%
September,
25%
so
25%
spank
25%
sprayin'
25%
stop
25%
thirty
25%
'til
25%
too
25%
touchin'
25%
turkey,
25%
will
25%
1st
0%
ain't
0%
all
0%
All
0%
am
0%
another
0%
are
0%
away
0%
b*******
0%
b****,
0%
B****,
0%
b***
0%
b****
0%
balls
0%
belt,
0%
big
0%
blow
0%
body
0%
'bout
0%
bring
0%
bros
0%
burden
0%
c******
0%
c****
0%
care
0%
chant
0%
chastity
0%
chokin'
0%
chorus
0%
clear
0%
Cold
0%
comes
0%
could
0%
count,
0%
crystal
0%
curse
0%
cut
0%
didn't
0%
do
0%
don't
0%
Dr.
0%
dream
0%
emissions
0%
even
0%
fat
0%
fate
0%
feel
0%
fight
0%
f***ing
0%
first
0%
Freddie,
0%
from
0%
God
0%
God,
0%
gotta
0%
grabbin'
0%
gut
0%
Kill Bill: The Rapper H**,
0%
Had
0%
hands
0%
hang
0%
has
0%
holiest
0%
illustrative
0%
is
0%
Jergens
0%
keep
0%
l***
0%
Let
0%
like
0%
lot,
0%
lurkin'
0%
m*********
0%
Make
0%
mean,
0%
mean
0%
mind
0%
mission
0%
monkey
0%
myself
0%
n******
0%
nation
0%
Never
0%
oath
0%
on
0%
On
0%
only
0%
pain,
0%
Pepper
0%
pickle
0%
poots,
0%
Popped
0%
put
0%
Put
0%
puttin'
0%
returning
0%
rewardin'
0%
right
0%
Carson Tucker Rollin'
0%
s******
0%
s****
0%
say,
0%
seems
0%
set,
0%
sheets
0%
silly
0%
sleep
0%
small
0%
somewhat
0%
spankin'
0%
Spread
0%
stay
0%
stimulate
0%
them
0%
they
0%
This
0%
through
0%
Throw
0%
tickle
0%
tied
0%
time
0%
toss
0%
tossed
0%
Trying
0%
Tsunami
0%
turned
0%
up
0%
use
0%
Wait
0%
wait
0%
wash
0%
what
0%
What's
0%
Winter,
0%
Wish
0%
with
0%
Won't
0%
won't
0%
word
0%
work
0%
would
0%
(yeah)
0%
yeah,
0%
yearnin'
0%
your
0%
No matching quizzes found
Score Distribution
Percent of People with Each Score
Percentile by Number Answered
Your Score History
You have not taken this quiz since the last reset